000
00238nam a2200085Ia 4500
245
0
_a
The trophy girl
100
_a
Lace, Kate, , 1956- Oxford, 2009 Large print ed
_9
54038
942
_c
BK
008
210817s9999 xx 000 0 und d
999
_c
329834
_d
329833